Využitie kvantitatívnych metód vo vedeckovýskumnej činnosti a v praxi XIV zborník zo seminára

Salvato in:
Dettagli Bibliografici
Enti autori: Využitie kvantitatívnych metód vo vedeckovýskumnej činnosti a v praxi XIV. seminár, Slovenská spoločnosť pre operačný výskum, Ekonomická univerzita v Bratislave. Fakulta hospodárskej informatiky
Altri autori: Reiff, Marian, 1978-, Lukáčik, Martin, 1974-, Furková, Andrea, 1975-, Gežík, Pavel, 1983-, Goga, Marián
Natura: Libro
Lingua:slovacco
inglese
Pubblicazione: Bratislava Vydavateľstvo EKONÓM 2021
Edizione:1. vydanie
Soggetti:
Tags: Aggiungi Tag
Nessun Tag, puoi essere il primo ad aggiungerne!!

MARC

LEADER 00000nlm a2200000 4500
001 0280274
005 20240502074341.2
020 |a 978-80-225-4831-1 
041 0 |a slo 
041 0 |a eng 
044 |a SK 
245 1 0 |a Využitie kvantitatívnych metód vo vedeckovýskumnej činnosti a v praxi XIV  |b zborník zo seminára  |c zostavovateľ: Marian Reiff, web editor: Martin Lukáčik ; recenzenti: Andrea Furková, Pavel Gežík, Marián Goga... [et al.] 
250 |a 1. vydanie 
264 1 |a Bratislava  |b Vydavateľstvo EKONÓM  |c 2021 
300 |a 100 s. [6,90 AH] 
610 2 0 |a veda ekonomická 
610 2 0 |a výskum 
610 2 0 |a metódy kvantitatívne 
610 2 0 |a modelovanie ekonometrické 
610 2 0 |a metódy optimalizačné 
610 2 0 |a algoritmy 
610 2 0 |a teória hier 
700 1 |a Reiff, Marian, 1978- 
700 1 |a Lukáčik, Martin, 1974- 
700 1 |a Furková, Andrea, 1975- 
700 1 |a Gežík, Pavel, 1983- 
700 1 |a Goga, Marián 
110 2 |a Využitie kvantitatívnych metód vo vedeckovýskumnej činnosti a v praxi XIV. seminár 
710 2 |a Slovenská spoločnosť pre operačný výskum 
710 2 |a Ekonomická univerzita v Bratislave. Fakulta hospodárskej informatiky